|
|
|
|
| LEADER |
00000nab a2200000 ar4500 |
| 001 |
vtls008825886 |
| 003 |
SK-MaSNL |
| 005 |
20260305042522.0 |
| 008 |
060626c2006 xo mr|p|||||||000 b|slo |
| 015 |
|
|
|a SNBRB2006/06
|2 snkbucl
|
| 038 |
|
|
|a SNKBUCL
|
| 040 |
|
|
|a SNKBUCL
|b slo
|c SNKBUCL
|e AACR2
|
| 041 |
0 |
|
|a slo
|
| 044 |
|
|
|a xo
|c SK
|
| 080 |
|
|
|a 82.09:821.111-311.5
|x (048)
|2 1997
|
| 080 |
|
|
|a 821.111-311.5
|x (048)
|2 1997
|
| 100 |
1 |
|
|a Geisbacherová, Michaela
|4 aut
|9 1033660
|
| 245 |
1 |
0 |
|a Správne dávkovanie humoru, erotiky a exotiky
|c Michaela Geisbacherová
|
| 650 |
0 |
7 |
|a anglické romány
|2 snkbucl
|9 309488
|
| 655 |
|
7 |
|a recenzie
|2 snkbucl
|9 21907
|
| 655 |
|
7 |
|a humoristické romány
|2 snkbucl
|9 1634
|
| 773 |
0 |
|
|t Knižná revue
|g Roč. XVI., č. 9 (2006), s. 7
|x 1210-1982
|
| 787 |
0 |
8 |
|i Rec.:
|a Dahl, Roald, 1916-1990
|t Môj strýko Osvald
|d Bratislava : Slovenský spisovateľ, c2006
|z 8022013579
|
| 852 |
|
|
|a SNK
|b KIS3GCP
|
| 958 |
|
|
|a LX
|
| 958 |
|
|
|a GB
|
| 958 |
|
|
|a RC
|
| 999 |
|
|
|c 3349621
|d 3351551
|